[Event "HUN-chT 1112"]
[Site "Hungary"]
[Date "2011.11.27"]
[Round "4"]
[White "Horvath, David G"]
[Black "Toth, Sarolta"]
[Result "1-0"]
[WhiteElo "2349"]
[BlackElo "2168"]
[PlyCount "51"]
[EventDate "2011.09.25"]
[EventType "team-tourn"]
[EventRounds "11"]
[EventCountry "HUN"]
[SourceTitle "EXT 2013"]
[Source "ChessBase"]
[SourceDate "2012.11.22"]
[SourceVersion "1"]
[SourceVersionDate "2012.11.22"]
[SourceQuality "1"]
[WhiteTeam "MLTC"]
[BlackTeam "Decs"]
[WhiteTeamCountry "HUN"]
[BlackTeamCountry "HUN"]

1. Nf3 d5 2. d4 Nf6 3. c4 dxc4 4. e3 Bg4 5. Bxc4 e6 6. 0-0 a6 7. Nbd2 c5 8. dxc5 Bxc5 9. a3 Nc6 10. b4 Bd6 11. Bb2 Be5 12. Qb3 Bxb2 13. Qxb2 b5 14. Be2 0-0 15. Rac1 Rc8 16. Nb3 Qb6 17. Rfd1 Rfd8 18. Rxd8+ Rxd8 19. Qc2 Ne7 20. h3 Bf5 21. Qc5 Qxc5 22. Nxc5 Rc8 23. Nd4 g6 24. Ndb3 Rc6 25. Bd3 Rd6 26. e4 1-0

[Event "HUN-chT 1112"]
[Site "Hungary"]
[Date "2011.11.13"]
[Round "3"]
[White "Toth, Sarolta"]
[Black "Kantor, Gergely"]
[Result "1-0"]
[WhiteElo "2168"]
[BlackElo "2268"]
[PlyCount "93"]
[EventDate "2011.09.25"]
[EventType "team-tourn"]
[EventRounds "11"]
[EventCountry "HUN"]
[SourceTitle "EXT 2012"]
[Source "ChessBase"]
[SourceDate "2011.11.24"]
[SourceVersion "1"]
[SourceVersionDate "2011.11.24"]
[SourceQuality "1"]
[WhiteTeam "Decs"]
[BlackTeam "Aquaprofit"]
[WhiteTeamCountry "HUN"]
[BlackTeamCountry "HUN"]

1. c4 c5 2. Nf3 Nc6 3. g3 e5 4. Nc3 g6 5. Bg2 Bg7 6. 0-0 d6 7. a3 Nge7 8. b4 0-0 9. Rb1 Rb8 10. Ne1 Be6 11. d3 h6 12. Nc2 Qd7 13. Ne3 Bh3 14. Ned5 Bxg2 15. Kxg2 cxb4 16. axb4 Nxd5 17. Nxd5 f5 18. b5 Ne7 19. Nxe7+ Qxe7 20. e4 Qe6 21. Qe2 f4 22. f3 h5 23. Ra1 Ra8 24. gxf4 exf4 25. Bb2 g5 26. Rg1 Bf6 27. Kh1 Kh7 28. Bxf6 Qxf6 29. e5 Qxe5 30. Qxe5 dxe5 31. Rxg5 Rfe8 32. Rag1 Re6 33. Rxh5+ Rh6 34. Rxe5 Rd8 35. Re7+ Kh8 36. Rxb7 Rxd3 37. Rb8+ Kh7 38. Rb7+ Kh8 39. Re1 Rd8 40. Rxa7 Rb6 41. Rf7 Kg8 42. Rxf4 Rh6 43. c5 Rd2 44. h4 Rh5 45. Rc1 Re5 46. c6 Ree2 47. Rg4+ 1-0

[Event "Budapest-chT1 Lilienthal 1112"]
[Site "Budapest"]
[Date "2011.10.16"]
[Round "2"]
[White "Toth, Sarolta"]
[Black "Sumegi, Miklos Andras"]
[Result "1-0"]
[WhiteElo "2168"]
[BlackElo "2046"]
[PlyCount "95"]
[EventDate "2011.10.02"]
[EventType "team-tourn"]
[EventRounds "11"]
[EventCountry "HUN"]
[SourceTitle "EXT 2020"]
[Source "ChessBase"]
[SourceDate "2019.10.17"]
[SourceVersion "1"]
[SourceVersionDate "2019.10.17"]
[SourceQuality "1"]
[WhiteTeam "Hid Unio"]
[BlackTeam "Vizugy II"]
[WhiteTeamCountry "HUN"]
[BlackTeamCountry "HUN"]

1. Nf3 d5 2. c4 e6 3. g3 c6 4. Bg2 Nf6 5. 0-0 Be7 6. b3 Bd7 7. Bb2 Na6 8. d4 Ne4 9. Nbd2 Nxd2 10. Qxd2 f5 11. Ne5 0-0 12. f3 Bg5 13. Qc3 f4 14. e3 fxe3 15. f4 e2 16. Rfe1 Be7 17. Rxe2 Bc8 18. c5 Nc7 19. Qe3 Qe8 20. Rc1 Rf6 21. Bc3 h5 22. Ba5 Bd8 23. Nf3 Rb8 24. Ng5 b6 25. cxb6 axb6 26. Bb4 c5 27. dxc5 Qb5 28. Bc3 bxc5 29. Bxf6 Bxf6 30. Nf3 d4 31. Qd2 Nd5 32. Ne5 Ba6 33. Ree1 Qb6 34. Nd7 Qb4 35. Qxb4 Rxb4 36. Nxc5 Bb5 37. a3 d3 38. axb4 d2 39. Red1 dxc1Q 40. Rxc1 Nxb4 41. Nxe6 Kf7 42. f5 Bd3 43. Rc7+ Be7 44. Nxg7 Na6 45. Bd5+ Kf8 46. Ne6+ Ke8 47. Rb7 Nb4 48. Bf3 1-0